000 00371nam a2200169Ia 4500
003 0STCL
008 150530s9999 xx 000 0 und d
040 _aSTCL
_cSTCL
100 _aMunshi K M
245 _aLomharshini
260 _bRajkamal Prakashan; Delhi
_c1948
300 _a0
546 _aHindi
942 _2ddc
_cBK
999 _c63500
_d63500
005 20220125171226.0